Entry Topical Term
Number of records used in: 1
001 - CONTROL NUMBER
003 - CONTROL NUMBER IDENTIFIER
005 - DATE AND TIME OF LATEST TRANSACTION
- control field:
20170724115851.0
008 - FIXED-LENGTH DATA ELEMENTS
- fixed length control field:
170724|| aca||aabn | a|a d
040 ## - CATALOGING SOURCE
- Original cataloging agency:
OSt
- Transcribing agency:
OSt
150 ## - HEADING--TOPICAL TERM
- Topical term or geographic name as entry element:
Santhali
670 ## - SOURCE DATA FOUND
- Source citation:
Work cat.: (OSt)4861: Verma A P & mohan N 3211, Sanskrit Sahitya Ka Itihas, 2012